000 002640000a22000970004500
100 1 _aConkey, Calvin
245 1 0 _aDoing theology among the Zuni
300 _aVol. 4, Núm 4 (1987), Páginas 39-51
773 0 _tInternational Journal of Frontier Misions
942 _cANA
999 _c55051
_d55051